Music Quiz

Random Music or Translation Quiz

Phonetic Beatles Songs Quiz Stats

 Plays Quiz Updated Apr 12, 2016

Also try: Phonetic TV Shows
Challenge
Share
Tweet
Embed
Score 0/30 Timer 07:00
0 Plays Today
Phonetic Spelling Song Title % Correct
lɛt ɪt biLet It Be
99.8%
ɪn maɪ laɪfIn My Life
96.3%
deɪ ˈtrɪpəDay Tripper
87.8%
kænt baɪ mi lʌvCan't Buy Me Love
86.3%
aɪ æm ðə ˈwɔlrəsI Am the Walrus
85.6%
pliz pliz miPlease Please Me
85.2%
frɒm mi tu ju From Me to You
84.5%
ju woʊnt si miYou Won't See Me
83.1%
ˈtɪkɪt tu raɪdTicket to Ride
81.9%
ʃi lʌvz juShe Loves You
81.5%
ˈblækˌbɜːdBlackbird
81.2%
eɪt deɪz ə wikEight Days a Week
80.5%
ˈhɛltəˈskɛltəHelter Skelter
80%
draɪv maɪ kɑːDrive My Car
79.5%
ˈstrɔˌbɛri fildz fɔːˈrɛvəStrawberry Fields Forever
79.5%
Phonetic Spelling Song Title % Correct
ðə lɔŋ ænd ˈwaɪndɪŋ roʊdThe Long and Winding Road
78%
ə deɪ ɪn ðə laɪfA Day in the Life
77.2%
ˈjɛstədɪ; -ˌdeɪYesterday
76.9%
ˈmædʒɪkəl ˈmɪstəri tʊəMagical Mystery Tour
76.9%
ʃi sɛd ʃi sɛdShe Said She Said
75.5%
təˈmɒrəʊ ˈnɛvə noʊzTomorrow Never Knows
74.3%
kʌm təˈɡɛðəCome Together
74.2%
nɔːˈwiːdʒən wʊd (ðɪs bɜːd hæz floʊn)Norwegian Wood (This Bird Has Flown)
71.8%
ju ˈnɛvə gɪv mi jʊər ˈmʌniYou Never Give Me Your Money
70.6%
ˈleɪdi məˈdɒnəLady Madonna
69.7%
hɪə kʌmz ðə sʌnHere Comes the Sun
68.1%
əˈkrɒs ðə ˈjuːnɪˌvɜːsAcross the Universe
62.8%
wɪˈðɪn ju wɪˈðaʊt juWithin You Without You
59.1%
ˈnəʊˌwɛə mænNowhere Man
59%
ænd jʊə bɜːd kæn sɪŋAnd Your Bird Can Sing
50%

You're not logged in!

Compare scores with friends on all Sporcle quizzes.
Join for Free
OR
Log In

You Might Also Like...

Show Comments

Extras

Top Quizzes Today


Score Distribution

Your Account Isn't Verified!

In order to create a playlist on Sporcle, you need to verify the email address you used during registration. Go to your Sporcle Settings to finish the process.

Report this User

Report this user for behavior that violates our Community Guidelines.

Details: